000 00217nam a22000857a 4500
008 170112b xxu||||| |||| 00| 0 eng d
100 _92357
_aGupta.R.G.etal.
245 _aLab Mathematics-VII
260 _aNew Delhi
_bAPC
_c2008
999 _c5325
_d5325